[Event "Las Palmas Insular-chT Primera-A 1617"]
[Site "Las Palmas"]
[Date "2016.10.22"]
[Round "1.4"]
[White "Donate Villalba, Juan Francisco"]
[Black "Rodriguez Muela, Juan Argelio"]
[Result "1/2-1/2"]
[WhiteElo "1727"]
[BlackElo "1524"]
[PlyCount "47"]
[EventDate "2016.10.22"]
[EventType "team-tourn"]
[EventRounds "14"]
[EventCountry "ESP"]
[SourceTitle "EXT 2018"]
[Source "ChessBase"]
[SourceDate "2017.10.13"]
[SourceVersion "1"]
[SourceVersionDate "2017.10.13"]
[SourceQuality "1"]
[WhiteTeam "Hotel Avda de Canarias III"]
[BlackTeam "Piscolabis Oleaje San Andres II"]
[WhiteTeamCountry "ESP"]
[BlackTeamCountry "ESP"]

1. e4 e6 2. d4 d5 3. exd5 exd5 4. Nf3 Bg4 5. Be2 Bd6 6. 0-0 Nf6 7. Bg5 Nbd7 8. Nbd2 c6 9. Re1 0-0 10. Ne5 Bxe2 11. Rxe2 Qc7 12. Ndf3 Ne4 13. Bf4 Ndf6 14. Nd2 Rae8 15. Nxe4 Nxe4 16. c4 f6 17. c5 Bxe5 18. Bxe5 fxe5 19. dxe5 Rxe5 20. Qd4 Rh5 21. h3 Qf4 22. Rae1 Ng3 23. Rd2 Ne4 24. Rde2 1/2-1/2

[Event "Gran Canaria Dominguez Memoral 1st"]
[Site "Gran Canaria"]
[Date "2014.03.17"]
[Round "1"]
[White "Sanchez Quintero, Raul"]
[Black "Rodriguez Muela, Juan Argelio"]
[Result "1-0"]
[WhiteElo "2101"]
[BlackElo "1536"]
[PlyCount "124"]
[EventDate "2014.03.17"]
[EventType "swiss"]
[EventRounds "7"]
[EventCountry "ESP"]
[SourceTitle "EXT 2015"]
[Source "ChessBase"]
[SourceDate "2014.11.20"]
[SourceVersion "1"]
[SourceVersionDate "2014.11.20"]
[SourceQuality "1"]

1. e4 e6 2. d4 d5 3. Nc3 a6 4. Nf3 Bb4 5. e5 c5 6. a3 Bxc3+ 7. bxc3 c4 8. a4 Nc6 9. g3 Qa5 10. Bh3 Nge7 11. Qd2 b5 12. 0-0 b4 13. cxb4 Qxb4 14. c3 Qa5 15. Ba3 0-0 16. Rfb1 Qc7 17. Bd6 Qd8 18. Bc5 Bd7 19. Qc2 Rb8 20. Ng5 g6 21. Rxb8 Qxb8 22. Rb1 Qa8 23. Bd6 Re8 24. Qc1 Nf5 25. Ba3 Rb8 26. Rxb8+ Qxb8 27. Bxf5 exf5 28. Bd6 Qb3 29. Nf3 Kg7 30. Qg5 Qb1+ 31. Kg2 Qe4 32. Qf6+ Kg8 33. Ba3 h6 34. Bc1 f4 35. Qxf4 Qxf4 36. Bxf4 Na5 37. Bxh6 Bxa4 38. g4 Bd7 39. Kg3 Nb3 40. Nd2 a5 41. Nxb3 cxb3 42. Bc1 a4 43. Ba3 Kh7 44. g5 Bf5 45. Kf4 Be6 46. Ke3 Bf5 47. Kd2 Bc2 48. Kc1 Bd3 49. Kb2 Be2 50. Kc1 Bd3 51. Kb2 Bb5 52. Ka1 Bd3 53. Bc1 Bc4 54. Kb2 Bb5 55. Ka3 Bd7 56. Kb4 Kg8 57. c4 dxc4 58. Kxc4 Kf8 59. Kd5 Ke7 60. Ba3+ Ke8 61. Kd6 Bf5 62. d5 Bg4 1-0

[Event "Las Palmas Fischer Memorial 3rd"]
[Site "Las Palmas"]
[Date "2013.10.31"]
[Round "7"]
[White "Agejas Garcia, Diego"]
[Black "Rodriguez Muela, Juan Argelio"]
[Result "1-0"]
[WhiteElo "1353"]
[BlackElo "1559"]
[PlyCount "61"]
[EventDate "2013.10.11"]
[EventType "swiss"]
[EventRounds "7"]
[EventCountry "ESP"]
[SourceTitle "EXT 2014"]
[Source "ChessBase"]
[SourceDate "2013.11.20"]
[SourceVersion "1"]
[SourceVersionDate "2013.11.20"]
[SourceQuality "1"]

1. d4 d5 2. Nf3 Bg4 3. e3 a6 4. Bd3 Nc6 5. a3 Nf6 6. Nbd2 e6 7. 0-0 Bd6 8. c3 e5 9. dxe5 Nxe5 10. Be2 Qd7 11. Nxe5 Bxe5 12. Bxg4 Nxg4 13. Nf3 0-0 14. h3 Bd6 15. hxg4 Qxg4 16. Qxd5 Rad8 17. Qg5 Qe6 18. Nd4 Qd7 19. e4 Rfe8 20. Qf5 Qe7 21. Re1 Qh4 22. g3 Bxg3 23. fxg3 Qxg3+ 24. Kf1 Qd3+ 25. Kf2 Qc4 26. Rh1 g6 27. Rg1 Qa4 28. Qf6 Rxd4 29. Bh6 Rd2+ 30. Bxd2 Rxe4 31. Rae1 1-0

[Event "Las Palmas Fischer Memorial 3rd"]
[Site "Las Palmas"]
[Date "2013.10.25"]
[Round "5"]
[White "Roque Hernandez, Francisco"]
[Black "Rodriguez Muela, Juan Argelio"]
[Result "0-1"]
[WhiteElo "1481"]
[BlackElo "1559"]
[PlyCount "82"]
[EventDate "2013.10.11"]
[EventType "swiss"]
[EventRounds "7"]
[EventCountry "ESP"]
[SourceTitle "EXT 2014"]
[Source "ChessBase"]
[SourceDate "2013.11.20"]
[SourceVersion "1"]
[SourceVersionDate "2013.11.20"]
[SourceQuality "1"]

1. d4 d5 2. g3 Bf5 3. Bg2 e6 4. c4 Bxb1 5. Rxb1 Bb4+ 6. Bd2 Bxd2+ 7. Qxd2 Nf6 8. cxd5 Nxd5 9. e4 Nb6 10. Ne2 0-0 11. Rc1 c6 12. 0-0 Qe7 13. f4 Rd8 14. Qe3 Qb4 15. b3 N8d7 16. e5 Nd5 17. Qe4 Qd2 18. a3 Ne3 19. Rfe1 Nb6 20. Nc3 Nxg2 21. Qxg2 Qxg2+ 22. Kxg2 Rxd4 23. Rcd1 Rad8 24. Rxd4 Rxd4 25. Rc1 a6 26. Kf3 Nd5 27. Nxd5 Rxd5 28. Rc3 Kf8 29. a4 Ke7 30. Ke4 f5+ 31. exf6+ gxf6 32. g4 Kd6 33. h4 f5+ 34. gxf5 Rxf5 35. b4 Rd5 36. Rg3 b6 37. Rg7 h5 38. Rg5 c5 39. bxc5+ bxc5 40. Rxd5+ exd5+ 41. Kd3 Ke6 0-1

[Event "Las Palmas Fischer Memorial 3rd"]
[Site "Las Palmas"]
[Date "2013.10.22"]
[Round "4"]
[White "Rodriguez Muela, Juan Argelio"]
[Black "Perez Guerra, Raul"]
[Result "0-1"]
[WhiteElo "1559"]
[BlackElo "1325"]
[PlyCount "77"]
[EventDate "2013.10.11"]
[EventType "swiss"]
[EventRounds "7"]
[EventCountry "ESP"]
[SourceTitle "EXT 2014"]
[Source "ChessBase"]
[SourceDate "2013.11.20"]
[SourceVersion "1"]
[SourceVersionDate "2013.11.20"]
[SourceQuality "1"]

1. e4 e6 2. d4 d5 3. e5 c5 4. c3 Nc6 5. Bd3 Qb6 6. Nf3 Bd7 7. Bc2 Rc8 8. Ba4 cxd4 9. Bxc6 Bxc6 10. Nxd4 Bd7 11. 0-0 f6 12. Qh5+ g6 13. Qe2 Bg7 14. Be3 Qd8 15. Bf4 f5 16. Nd2 h6 17. h3 h5 18. N2f3 Qe7 19. Bg5 Qc5 20. Nh4 Kf7 21. Rfe1 Qc7 22. f4 Qb6 23. Kh1 Be8 24. Rab1 Kf8 25. a4 Kf7 26. Qc2 Bd7 27. Qd3 Bh6 28. Nhf3 Bg7 29. Nb5 Bxb5 30. Qxb5 Qxb5 31. axb5 Bf8 32. Ra1 Bc5 33. Red1 Ne7 34. Bf6 Rhe8 35. Ng5+ Kg8 36. Nxe6 Bb6 37. Rd3 Kf7 38. Ng5+ Kg8 39. Rxd5 0-1

[Event "Gran Canaria Cabildo op"]
[Site "Gran Canaria"]
[Date "2013.01.14"]
[Round "2"]
[White "Cisse, Moustapha"]
[Black "Rodriguez Muela, Juan Argelio"]
[Result "1-0"]
[WhiteElo "1788"]
[BlackElo "1558"]
[PlyCount "31"]
[EventDate "2013.01.10"]
[EventType "swiss"]
[EventRounds "7"]
[EventCountry "ESP"]
[SourceTitle "CBM 152 Extra"]
[Source "ChessBase"]
[SourceDate "2013.02.25"]
[SourceVersion "1"]
[SourceVersionDate "2013.02.25"]
[SourceQuality "1"]

1. e4 e5 2. Nf3 Nc6 3. d4 exd4 4. Nxd4 Nxd4 5. Qxd4 Nf6 6. Bg5 Be7 7. e5 Nh5 8. Bxe7 Qxe7 9. g4 Nf6 10. Be2 Ng8 11. Nc3 c6 12. Ne4 b6 13. 0-0-0 Qe6 14. Nd6+ Kd8 15. Bc4 c5 16. Qe4 1-0

[Event "Arucas op 8th"]
[Site "Arucas"]
[Date "2012.06.18"]
[Round "1"]
[White "Rodriguez Muela, Juan Argelio"]
[Black "Gonzalez Intelangelo, Gerardo"]
[Result "0-1"]
[WhiteElo "1573"]
[BlackElo "2008"]
[PlyCount "68"]
[EventDate "2012.06.18"]
[EventType "swiss"]
[EventRounds "6"]
[EventCountry "ESP"]
[SourceTitle "CBM 149 Extra"]
[Source "ChessBase"]
[SourceDate "2012.08.24"]
[SourceVersion "1"]
[SourceVersionDate "2012.08.24"]
[SourceQuality "1"]

1. e4 e5 2. Nf3 Nf6 3. Nc3 d6 4. h3 c5 5. Bc4 Be7 6. 0-0 0-0 7. d3 Nc6 8. Nd5 Nxd5 9. Bxd5 Bf6 10. Nh2 Ne7 11. Bb3 Ng6 12. c3 Bg5 13. Ng4 Bxc1 14. Rxc1 Qg5 15. Kh1 Nf4 16. f3 h5 17. Ne3 Nxh3 18. Nd5 Nf4 19. Qd2 Be6 20. Nc7 Rad8 21. Nxe6 fxe6 22. Rcd1 Rf6 23. Qf2 h4 24. Rg1 Rh6 25. Rd2 Qg3 26. Rgd1 Qg5 27. d4 cxd4 28. cxd4 exd4 29. Rxd4 d5 30. exd5 exd5 31. Qd2 Rf6 32. Rxd5 Rxd5 33. Bxd5+ Kh8 34. Be4 Rd6 0-1

[Event "Las Palmas Insular-chT Pref"]
[Site "Las Palmas"]
[Date "2012.03.10"]
[Round "12.3"]
[White "Gutierrez Olivares, Daniel"]
[Black "Rodriguez Muela, Juan Argelio"]
[Result "1-0"]
[WhiteElo "2268"]
[BlackElo "1577"]
[PlyCount "83"]
[EventDate "2011.11.12"]
[EventType "team-tourn"]
[EventRounds "14"]
[EventCountry "ESP"]
[SourceTitle "EXT 2013"]
[Source "ChessBase"]
[SourceDate "2012.11.22"]
[SourceVersion "1"]
[SourceVersionDate "2012.11.22"]
[SourceQuality "1"]
[WhiteTeam "Canarias de Las Palmas"]
[BlackTeam "Piscolabis Oleaje San Andres"]
[WhiteTeamCountry "ESP"]
[BlackTeamCountry "ESP"]

1. e4 e6 2. d3 b6 3. Nd2 Bb7 4. Ngf3 d5 5. g3 Nf6 6. e5 Ng4 7. h3 Nh6 8. Bg2 c5 9. 0-0 Nf5 10. Re1 Be7 11. Nf1 Nc6 12. c3 Qc7 13. Bf4 Qd7 14. a3 d4 15. c4 h6 16. Rb1 0-0 17. h4 f6 18. N1h2 Nxe5 19. Bxe5 fxe5 20. Nxe5 Qc7 21. Qg4 Bxg2 22. Kxg2 Ne3+ 23. fxe3 Qxe5 24. exd4 Qf6 25. Qxe6+ Qxe6 26. Rxe6 Kf7 27. Rbe1 Rae8 28. dxc5 Bxc5 29. Rxe8 Rxe8 30. Rxe8 Kxe8 31. b4 Bd4 32. Kf3 Bb2 33. a4 Bc3 34. b5 Ke7 35. Ke4 Ke6 36. h5 Be5 37. Nf1 Bc7 38. g4 Bd6 39. Ne3 Ba3 40. d4 Bb2 41. c5 bxc5 42. dxc5 1-0

[Event "Arucas op 6th"]
[Site "Arucas"]
[Date "2010.06.23"]
[Round "5.8"]
[White "Rodriguez Muela, Juan Argelio"]
[Black "Hernandez Hernandez, Luis Felix"]
[Result "1/2-1/2"]
[WhiteElo "1323"]
[BlackElo "1396"]
[PlyCount "43"]
[EventDate "2010.06.02"]
[EventType "swiss"]
[EventRounds "5"]
[EventCountry "ESP"]
[SourceTitle "EXT 2024"]
[Source "ChessBase"]
[SourceDate "2023.10.10"]
[SourceVersion "1"]
[SourceVersionDate "2023.10.10"]
[SourceQuality "1"]

1. e4 e6 2. d4 d5 3. e5 c5 4. Nf3 Nc6 5. b3 Qb6 6. c3 cxd4 7. Nxd4 Nxd4 8. Be3 Bc5 9. Bxd4 Bxd4 10. cxd4 Ne7 11. a4 0-0 12. Bd3 Qb4+ 13. Qd2 Qxb3 14. Ra3 Qb6 15. 0-0 Nc6 16. Qg5 g6 17. h4 Qxd4 18. Re1 f6 19. Qg3 Nxe5 20. h5 g5 21. Bc2 h6 22. Rc3 1/2-1/2

[Event "Arucas op 6th"]
[Site "Arucas"]
[Date "2010.06.09"]
[Round "3.11"]
[White "Rodriguez Muela, Juan Argelio"]
[Black "Quintana Milan, Maria Victoria"]
[Result "1-0"]
[WhiteElo "1323"]
[BlackElo "1356"]
[PlyCount "65"]
[EventDate "2010.06.02"]
[EventType "swiss"]
[EventRounds "5"]
[EventCountry "ESP"]
[SourceTitle "EXT 2024"]
[Source "ChessBase"]
[SourceDate "2023.10.10"]
[SourceVersion "1"]
[SourceVersionDate "2023.10.10"]
[SourceQuality "1"]

1. e4 e6 2. d4 d5 3. e5 c5 4. Nf3 Nc6 5. c3 Qb6 6. Na3 a6 7. Nc2 Bd7 8. b3 cxd4 9. Ncxd4 Bc5 10. Be3 Rc8 11. b4 Bxd4 12. Nxd4 Qc7 13. Nxc6 Bxc6 14. Bd4 Ne7 15. Bd3 Qd7 16. a4 0-0 17. 0-0 Ng6 18. f4 Ne7 19. Rf3 g6 20. h4 Nf5 21. Bxf5 exf5 22. h5 Qe7 23. Bc5 Qh4 24. Bxf8 Rxf8 25. hxg6 hxg6 26. b5 axb5 27. axb5 Bxb5 28. Qd4 Qe7 29. Rh3 Qe6 30. Kf2 Re8 31. Rah1 Kf8 32. Rh8+ Ke7 33. Qc5+ 1-0